Detalles MARC
| 000 -LEADER |
| campo de control de longitud fija |
02576cam a22004694i 4500 |
| 003 - IDENTIFICADOR DE NÚMERO DE CONTROL |
| campo de control |
PE-LiUPU |
| 005 - FECHA Y HORA DE LA ÚLTIMA TRANSACCIÓN |
| campo de control |
20250731183414.0 |
| 008 - DATOS DE LONGITUD FIJA--INFORMACIÓN GENERAL |
| campo de control de longitud fija |
200227s2019 pe a r 000 0 spa d |
| 020 ## - NÚMERO INTERNACIONAL ESTÁNDAR DEL LIBRO |
| Número Internacional Estándar del Libro |
9972604713 |
| 020 ## - NÚMERO INTERNACIONAL ESTÁNDAR DEL LIBRO |
| Número Internacional Estándar del Libro |
9789972604713 |
| 035 ## - NÚMERO DE CONTROL DEL SISTEMA |
| Número de control de sistema |
(Sirsi) a252829 |
| 040 ## - FUENTE DE CATALOGACIÓN |
| Centro catalogador/agencia de origen |
PE-LiUPU |
| Lengua de catalogación |
spa |
| Centro/agencia transcriptor |
PE-LiUPU |
| Normas de descripción |
rda |
| 041 1# - CÓDIGO DE IDIOMA |
| Código de lengua del texto/banda sonora o título independiente |
spa |
| -- |
eng |
| 049 ## - FONDOS LOCALES (OCLC) |
| Biblioteca depositaria |
PRUA |
| 082 04 - NÚMERO DE LA CLASIFICACIÓN DECIMAL DEWEY |
| Número de clasificación |
720 |
| Cutter |
C3 |
| Número de edición |
23 |
| 245 00 - MENCIÓN DEL TÍTULO |
| Título |
Catálogo oficial de la BIAAA 2019 / |
| Mención de responsabilidad, etc. |
Editor, Cristian Yarasca Aybar. |
| 264 #1 - PRODUCCIÓN, PUBLICACIÓN, DISTRIBUCIÓN, FABRICACIÓN Y COPYRIGHT |
| Producción, publicación, distribución, fabricación y copyright |
Perú : |
| Nombre del de productor, editor, distribuidor, fabricante |
Universidad peruana unión, |
| Fecha de producción, publicación, distribución, fabricación o copyright |
2019. |
| 300 ## - DESCRIPCIÓN FÍSICA |
| Extensión |
160 páginas : |
| Otras características físicas |
ilustraciones ; |
| Dimensiones |
30 centímetros |
| 336 ## - TIPO DE CONTENIDO |
| Término de tipo de contenido |
text |
| Fuente |
rdacontent |
| 337 ## - TIPO DE MEDIO |
| Nombre/término del tipo de medio |
unmediated |
| Fuente |
rdamedia |
| 338 ## - TIPO DE SOPORTE |
| Nombre/término del tipo de soporte |
volume |
| Fuente |
rdacarrier |
| 505 0# - NOTA DE CONTENIDO CON FORMATO |
| Nota de contenido con formato |
Los territorio narrados por sus proyectos -- El nuevo integrante -- Un oasis para el ministerio -- Un campus para la salud y el bienestar -- Ubuntu en umbumbulu -- Espacios para ser y habitar -- Paisaje literario -- Ciudadania activa -- Aula móvil -- Kechwa wayku -- La quinta -- Expandiendo la luz verde -- El colegio como nodo de educación -- Estación cultural -- En el hábitat -- Fantasía alcanzable -- Euritmia estática. |
| 526 ## - NOTA DE INFORMACIÓN SOBRE EL PROGRAMA DE ESTUDIO |
| Nombre del programa |
Maestría Bim Facility Management (A distancia) |
| 526 ## - NOTA DE INFORMACIÓN SOBRE EL PROGRAMA DE ESTUDIO |
| Nombre del programa |
|
| 526 ## - NOTA DE INFORMACIÓN SOBRE EL PROGRAMA DE ESTUDIO |
| Nombre del programa |
Educación musical y artes |
| 526 ## - NOTA DE INFORMACIÓN SOBRE EL PROGRAMA DE ESTUDIO |
| Nombre del programa |
Educación, especialidad educación física |
| 526 ## - NOTA DE INFORMACIÓN SOBRE EL PROGRAMA DE ESTUDIO |
| Nombre del programa |
Arquitectura |
| 534 ## - NOTA SOBRE LA VERSIÓN ORIGINAL |
| Frase introductoria |
Título Original : |
| Mención de título del original |
Official catalogue of the BIAAA 2019. |
| 598 ## - |
| -- |
CATALOGING |
| 596 ## - |
| -- |
1 |
| 650 04 - PUNTO DE ACCESO ADICIONAL DE MATERIA--TÉRMINO DE MATERIA |
| Término de materia o nombre geográfico como elemento de entrada |
Arquitectura-Estudio y enseñanza-Congreso. |
| 700 1# - ENTRADA AGREGADA--NOMBRE PERSONAL |
| Nombre de persona |
Yarasca Aybar, Cristian, |
| Término indicativo de función/relación |
editor. |
| 910 ## - DATOS DE OPCIÓN DEL USUARIO (OCLC) |
| Datos de opción del usuario |
dbm |
| -- |
ksl |
| -- |
ksl |
| -- |
20190227 |
| 942 ## - ELEMENTOS DE ENTRADA SECUNDARIOS (KOHA) |
| Fuente del sistema de clasificación o colocación |
Clasificación Decimal Dewey |
| Tipo de ítem Koha |
|
| 994 ## - |
| -- |
C0 |
| -- |
PEPRU |
| 999 ## - NÚMEROS DE CONTROL DE SISTEMA (KOHA) |
| -- |
DEWEY |
| -- |
80898 |
| -- |
2021-11-9 |
| -- |
1 |
| -- |
CCODEBUL1 |
| -- |
BUL |
| -- |
30.00 |
| -- |
0 |
| -- |
Y |
| -- |
BOOK |
| -- |
2020-2-27 |
| -- |
INGENIERIA |
| -- |
P06 |
| -- |
DONACION |
| -- |
.STAFF. Colección Ingeniería y Arquitectura |
| 999 ## - NÚMEROS DE CONTROL DE SISTEMA (KOHA) |
| -- |
DEWEY |
| -- |
80899 |
| -- |
2021-11-9 |
| -- |
1 |
| -- |
CCODEBUL1 |
| -- |
BUL |
| -- |
30.00 |
| -- |
0 |
| -- |
Y |
| -- |
BOOK |
| -- |
2020-2-27 |
| -- |
INGENIERIA |
| -- |
P06 |
| -- |
DONACION |
| -- |
.STAFF. Colección Ingeniería y Arquitectura |
| 999 ## - NÚMEROS DE CONTROL DE SISTEMA (KOHA) |
| -- |
DEWEY |
| -- |
80900 |
| -- |
2021-11-9 |
| -- |
1 |
| -- |
CCODEBUL1 |
| -- |
BUL |
| -- |
30.00 |
| -- |
0 |
| -- |
Y |
| -- |
BOOK |
| -- |
2020-2-27 |
| -- |
INGENIERIA |
| -- |
P06 |
| -- |
DONACION |
| -- |
.STAFF. Colección Ingeniería y Arquitectura |
| 999 ## - NÚMEROS DE CONTROL DE SISTEMA (KOHA) |
| -- |
DEWEY |
| -- |
80901 |
| -- |
2021-11-9 |
| -- |
1 |
| -- |
CCODEBUL1 |
| -- |
BUL |
| -- |
30.00 |
| -- |
0 |
| -- |
Y |
| -- |
BOOK |
| -- |
2020-2-27 |
| -- |
INGENIERIA |
| -- |
P06 |
| -- |
DONACION |
| -- |
.STAFF. Colección Ingeniería y Arquitectura |
| 999 ## - NÚMEROS DE CONTROL DE SISTEMA (KOHA) |
| -- |
DEWEY |
| -- |
80902 |
| -- |
2021-11-9 |
| -- |
1 |
| -- |
CCODEBUL1 |
| -- |
BUL |
| -- |
30.00 |
| -- |
0 |
| -- |
Y |
| -- |
BOOK |
| -- |
2020-2-27 |
| -- |
INGENIERIA |
| -- |
P06 |
| -- |
DONACION |
| -- |
.STAFF. Colección Ingeniería y Arquitectura |
| 980 ## - EQUIVALENCIA O REFERENCIA-CRUZADA-MENCIÓN DE SERIE--NOMBRE DE PERSONA/TÍTULO [LOCAL, CANADÁ] |
| ID del último usuario que modificó el registro |
1 |
| Nombre del último usuario que modificó el registro |
ALBERTO SANCHEZ Responsable de Automatización |